| 000 | 004640000a22001690004500 | ||
|---|---|---|---|
| 003 | MACL | ||
| 005 | 20160108152719.0 | ||
| 008 | 160108b xxu||||| |||| 00| 0 eng d | ||
| 040 |
_aMACL _cMACL |
||
| 041 | _aEnglish | ||
| 082 | _a915.32/KHA | ||
| 100 |
_aKhan, Hadji _929887 |
||
| 245 |
_aWith The Pilgrims To MECCA _bThe Great pilgrimage of A H 1319 A D 1902 |
||
| 260 |
_bJohn lane Company _aNew York |
||
| 650 |
_aHistory _929888 |
||
| 942 |
_cBK _k915.32/KHA _2ddc |
||
| 999 |
_c37420 _d37420 |
||